Vista normal Vista MARC

Entrada Meeting Name

Número de registros utilizados en: 1

001 - CONTROL NUMBER

  • control field: 37184

003 - CONTROL NUMBER IDENTIFIER

  • control field: OSt

005 - DATE AND TIME OF LATEST TRANSACTION

  • control field: 20210427114453.0

008 - FIXED-LENGTH DATA ELEMENTS

  • fixed length control field: 210427|| aca||aabn | a|a d

040 ## - CATALOGING SOURCE

  • Original cataloging agency: OSt
  • Transcribing agency: OSt

111 ## - HEADING--MEETING NAME

  • Meeting name or jurisdiction name as entry element: Conferencia de la Asociación Internacional para la Investigación del Ingreso y la Riqueza
  • Date of meeting or treaty signing: (1959 :
  • Location of meeting: Río de Janeiro)

670 ## - SOURCE DATA FOUND

  • Source citation: Work cat.: (OSt)7744: 15328, El ingreso y la riqueza : , 1963